The boxer uprising : A background study

Đã lưu trong:
书目详细资料
主要作者: Purcell, Victor
格式: 图书
语言:Undetermined
出版: Cambridge University Press 1963
主题:
标签: 添加标签
没有标签, 成为第一个标记此记录!
Thư viện lưu trữ: Trung tâm Học liệu Trường Đại học Cần Thơ
LEADER 00520nam a2200205Ia 4500
001 CTU_89952
008 210402s9999 xx 000 0 und d
082 |a 951.03 
082 |b P985 
100 |a Purcell, Victor 
245 4 |a The boxer uprising : 
245 2 |b A background study 
245 0 |c Victor Purcell 
260 |a Cambridge 
260 |b University Press 
260 |c 1963 
650 |a History 
650 |z China 
904 |i Bằng,Hải 
980 |a Trung tâm Học liệu Trường Đại học Cần Thơ